000 00347nam a22001457a 4500
003 SGT
020 _a978-93-81608-84-5
082 _a612.015
_bE16K
100 _aKRISHNAN, PRASANT.R
245 _aESSENTIAL PHARMACOLOGY AND DRAVYAGUNA
260 _aNEW DELHI
_bCHAUKHAMBHA PUB
_c2016
300 _a128
650 _aAYURVEDA
942 _2ddc
_cBK
_010
999 _c11405
_d11405